000 005000000a22001810004500
041 0 _aENG
082 0 4 _aG 234.8 M2143s
100 1 _aMahan, Asa (1800-1889)
245 1 0 _aScripture doctrine of christian perfection / Asa Mahan
260 _aChicago, USA : [N:S]
300 _a124 Pag
650 1 4 _aPERFECCION (CRISTIANISMO) - ASPECTOS RELIGIOSOS
001 4332
942 _cBK
999 _c34940
_d34940
336 _atexto
_btxt
_2rdacontent
337 _2rdamedia
_asin mediación
_bn
338 _2rdacarrier
_avolumen
_bnc